000
00328 a2200145 4500
001
164442
020
_a
040
_c
Magnum
100
_a
Queluz, Ana Gracinda
240
1
0
_a
O trabalho docente: teoria e pratica
_l
por
245
1
0
_a
O trabalho docente: teoria e pratica
362
0
_a
1899
697
_a
ENSINO
942
_c
BK
999
_c
164442
_d
164442